Croisades et Orient Latin : XIe-XIVe siècle (notice n° 2198496)

détails MARC
000 -LEADER
fixed length control field 01602cam a2200133 4500500
005 - DATE AND TIME OF LATEST TRANSACTION
control field 20260405085544.0
041 ## - LANGUAGE CODE
Language code of text/sound track or separate title fre
042 ## - AUTHENTICATION CODE
Authentication code dc
100 10 - MAIN ENTRY--PERSONAL NAME
Personal name Balard, Michel
Relator term author
245 00 - TITLE STATEMENT
Title Croisades et Orient Latin : XIe-XIVe siècle
260 ## - PUBLICATION, DISTRIBUTION, ETC.
Name of publisher, distributor, etc. Armand Colin,<br/>
Date of publication, distribution, etc. 2024.<br/>
520 ## - SUMMARY, ETC.
Summary, etc. À partir du XIe siècle, l’idée de croisade s’insère au cœur de la société chrétienne et constitue tout au long du Moyen Âge le moteur de l’expansion de l’Occident dans le monde méditerranéen. Cette synthèse présente et éclaire cet épisode historique sans précédent qui a duré quatre siècles.L’ouvrage expose les origines et la nature de ce phénomène, entre « pèlerinages en armes » et migrations de populations, et en souligne la complexité à travers diverses grilles de lecture : économiques, démographiques, religieuses, politiques. Il montre aussi comment, loin d’apporter les résultats escomptés ni permis les rencontres entre les cultures, ces campagnes ont d’abord servi la chrétienté à prendre conscience d’elle-même.Déroulant le film des huit croisades, l’auteur met en lumière la tradition du pèlerinage vers Jérusalem et le développement de l’idée de guerre sainte dans la pensée pontificale. Il montre également que chez les croisés, la quête de Jérusalem ne peut être séparée de la gloire et de la fortune qui se réalisent dans la création d’États latins en Orient, prémices de la colonisation moderne.
856 41 - ELECTRONIC LOCATION AND ACCESS
Uniform Resource Identifier <a href="https://shs.cairn.info/croisades-et-orient-latin--9782200632304?lang=fr&redirect-ssocas=7080">https://shs.cairn.info/croisades-et-orient-latin--9782200632304?lang=fr&redirect-ssocas=7080</a>

Pas d'exemplaire disponible.

PLUDOC

PLUDOC est la plateforme unique et centralisée de gestion des bibliothèques physiques et numériques de Guinée administré par le CEDUST. Elle est la plus grande base de données de ressources documentaires pour les Étudiants, Enseignants chercheurs et Chercheurs de Guinée.

Adresse

627 919 101/664 919 101

25 boulevard du commerce
Kaloum, Conakry, Guinée

Réseaux sociaux

Powered by Netsen Group @ 2025